Trouve le jeu - images - Statistiques

Statistiques générales
  • Ce quiz a été pris 43 fois
  • Le résultat moyen est 5 sur 10
Statistiques - réponses
Par images Réponse % Correct
Payday
86%
Battlefield 4
72%
Garry's mod
69%
Elden ring
67%
The Witcher
58%
Assassin's Creed IV Black Flag
44%
Fallout
42%
Terraria
39%
Crusader kings
11%
Total War
6%
Aucun quiz correspondant
Distribution des résultats
% des personnes avec chaque résultat
Percentile par nombre de réponses
Votre historique - résultats
Vous n’avez pas pris ce quiz